000 00322nam a2200145Ia 4500
008 230917s9999||||xx |||||||||||||| ||und||
040 _e68229
_aMAIN
041 _aEnglish
082 _a531 T757M
100 _aTroup, G J
245 0 _aMechanics
260 _aAustralia
_bLongman
_c1976
300 _a205 p.
942 _cBK
999 _c36830
_d36830